000 01338nam0a22003131 4500
001 RU\NLR\INFOCOMM_223\5000024084
005 20250613090504.0
035 _a(NLR Aleph) 009067557
090 _a7902409
_c7902409
100 _a20081020d1975 |||y0rusy50 ca
101 1 _afre
_crus
102 _aRU
105 _aa z 000zy
200 1 _aMouvement des particules chargées dans des champs électriques et magnétiques
_e[trad. du russe]
_fL. Artsimovitch, S. Loukianov
210 _aΜ.
_cMir
_d[1975]
215 _a207 с., 1 л. цв. ил.
_cил., цв. ил.
_d22 см
300 _aДоп. тит. л. на рус. яз.: Л. Арцимович и С. Лукьянов. Движение заряженных частиц в электрических и магнитных полях
517 1 _aДвижение заряженных частиц в электрических и магнитных полях
686 _aФз-460[В338]
_2rubbk
700 1 _9z01790
_aArcimovič
_bL. A.
_f1909-1973
_gLev Andreevič
_4070
701 1 _9z02790
_aLuk'janov
_bS. J.
_f1912-1996
_gStepan Jur'evič
_4070
790 1 _9z01700
_aArtsimovitch
_bL.
_4070
790 1 _9z02701
_aLoukianov
_bS.
_4070
801 1 _aRU
_bNLR
_c20081020
801 0 _aRU
_bNLR
_gPSBO
852 _aNLR
_jФз01 Д-5/125
942 _cBOOK
980 _aNB